|
|
|
|
| LEADER |
00738ntm a2200169 i 4500 |
| 001 |
misc47732 |
| 005 |
20241205114929.0 |
| 008 |
210111s1937 hu o 000 hun d |
| 040 |
|
|
|a SZTE Miscellanea Repozitórium
|b hun
|
| 041 |
|
|
|a hun
|
| 245 |
0 |
2 |
|a A pécsi Magyar Királyi Erzsébet Tudományegyetem gratuláló levele Szent-Györgyi Alberthez. Scipiades Elemér rektor aláírásával
|h [elektronikus dokumentum]
|
| 260 |
|
|
|c 1937-10-30
|
| 300 |
|
|
|a 2 fol.
|
| 561 |
|
|
|a Szent-Györgyi Albert gratuláló levelek
|
| 695 |
|
|
|a Levelezés - Magyar Királyi Erzsébet Tudományegyetem rektora - Szent-Györgyi Albert, Nobel-díj - 1937
|
| 700 |
0 |
1 |
|a Scipiades Elemér
|
| 856 |
4 |
0 |
|u http://misc.bibl.u-szeged.hu/47732/1/1937_4_086.pdf
|z Dokumentum-elérés
|